Catálogo - Centro de Recursos para el Aprendizaje y la Investigación

Volver al Sitio - CRAI Biblioteca

Los motivos del machete : (Registro nro. 113689)

Detalles MARC
000 -CABECERA
campo de control de longitud fija 02610nam a2200313 4500
001 - NÚMERO DE CONTROL
campo de control 113689
003 - IDENTIFICADOR DEL NÚMERO DE CONTROL
campo de control DR-UNIBE
005 - FECHA Y HORA DE LA ÚLTIMA TRANSACCIÓN
campo de control 20250527112417.0
008 - DATOS DE LONGITUD FIJA--INFORMACIÓN GENERAL
campo de control de longitud fija 250527b2001 dr ||||| |||| 00| 0 spa d
040 ## - FUENTE DE LA CATALOGACIÓN
Centro catalogador/agencia de origen BIBLIOTECA UNIBE
Centro/agencia transcriptor BIBLIOTECA UNIBE
Lengua de catalogación spa
Normas de descripción rda
041 ## - CÓDIGO DE LENGUA
Código de lengua del texto/banda sonora o título independiente spa
082 ## - NÚMERO DE LA CLASIFICACIÓN DECIMAL DEWEY
Número de edición 22
Número de clasificación RD 355.8241 S718m 2001
100 10 - ENTRADA PRINCIPAL--NOMBRE DE PERSONA
Nombre de persona Soto Jiménez, José Miguel,
Fechas asociadas al nombre 1956-
9 (RLIN) 48567
Término indicativo de función/relación autor
245 14 - MENCIÓN DE TÍTULO
Título Los motivos del machete :
Resto del título reflexiones, apuntes y notas para una interpretación cuartelaria de la historia y la sociedad dominicana
Mención de responsabilidad, etc. José Miguel Soto Jiménez ; diseño de portada, índice onomástico, bibliografía y cuidado de edición : Arístides Incháustegui, Blanca Delgado Malagón ; fotografías : Leonel Castillo
250 ## - MENCIÓN DE EDICIÓN
Mención de edición Segunda edición aumentada y corregida
260 ## - PUBLICACIÓN, DISTRIBUCIÓN, ETC.
Lugar de publicación, distribución, etc. Santo Domingo :
Nombre del editor, distribuidor, etc. Editora Corripio,
Fecha de publicación, distribución, etc. 2001
300 ## - DESCRIPCIÓN FÍSICA
Extensión 587 páginas :
Otras características físicas fotos b/n ;
Dimensiones 22 x 15 cm
504 ## - NOTA DE BIBLIOGRAFÍA, ETC.
Nota de bibliografía, etc. Información del autor en la contraportada, Portada: machete de guerra del general Pedro Santana Familia, foto: Max Pou, ambientación; José Miura, realización de la portada: Jorge De Soto
505 ## - NOTA DE CONTENIDO CON FORMATO
Nota de contenido con formato José Miguel Soto Jiménez : agradecimiento |<br/>Andrés L. Mateo : Los motivo del machete, palabras de presentación a la primera edición |<br/>Los motivos del machete |<br/>Sacándole filo al machete |<br/>l intrincado destino de la espada |<br/>La genealogía del machete |<br/>Los senderos inescrutable del machete |<br/>El machete necesario |<br/>La virgen de los macheteros |<br/>A machetazo limpio |<br/>Del Coup De Couteau Al Coup D état |<br/>Machete y machete |<br/>El machete como arma de la Revolución Burguesa |<br/>El mismo machete para dos supuestas revoluciones Burguesas inconclusas |<br/>La locura sacramental del machete |<br/>El machete de la locura |<br/>El machete del orden |<br/>El tránsito del machete al Colín |<br/>El machete es su pedestal |<br/>Bibliografía |<br/>Índice onomástico<br/>
650 #7 - PUNTO DE ACCESO ADICIONAL DE MATERIA--TÉRMINO DE MATERIA
Fuente del encabezamiento o término lemb
Término de materia o nombre geográfico como elemento de entrada Fuerzas Armadas -- Política y gobierno -- República Dominicana
9 (RLIN) 195976
651 #7 - PUNTO DE ACCESO ADICIONAL DE MATERIA--NOMBRE GEOGRÁFICO
Fuente del encabezamiento o término lemb
Nombre geográfico República Dominicana -- Fuerzas Armadas -- Historia
9 (RLIN) 195966
651 #7 - PUNTO DE ACCESO ADICIONAL DE MATERIA--NOMBRE GEOGRÁFICO
Fuente del encabezamiento o término lemb
Nombre geográfico República Dominicana -- Militares -- Historia
9 (RLIN) 195967
700 10 - PUNTO DE ACCESO ADICIONAL--NOMBRE DE PERSONA
Nombre de persona Incháustegui, Arístides,
Fechas asociadas al nombre 1938 -
9 (RLIN) 68117
Término indicativo de función/relación diseñador de portada
-- índice onomástico
-- cuidado de la edición
-- bibliógrafo
700 10 - PUNTO DE ACCESO ADICIONAL--NOMBRE DE PERSONA
Nombre de persona Delgado Malagón, Blanca
Término indicativo de función/relación diseñador de portada
-- índice onomástico
-- cuidado de la edición
Forma completa/desarrollada del nombre bibliógrafo
9 (RLIN) 195970
700 10 - PUNTO DE ACCESO ADICIONAL--NOMBRE DE PERSONA
Nombre de persona Castillo, Leonel
9 (RLIN) 68062
Término indicativo de función/relación reproductor de fotos
700 10 - PUNTO DE ACCESO ADICIONAL--NOMBRE DE PERSONA
Nombre de persona Miura, José
Fechas asociadas al nombre 1948-
9 (RLIN) 195972
Término indicativo de función/relación ambientador
700 10 - PUNTO DE ACCESO ADICIONAL--NOMBRE DE PERSONA
Nombre de persona De Soto, Jorge
9 (RLIN) 195973
Término indicativo de función/relación realizador de portada
942 ## - ELEMENTOS DE PUNTO DE ACCESO ADICIONAL (KOHA)
Fuente del sistema de clasificación o colocación Sistema de Clasificación Decimal Dewey
Tipo de ítem Koha Libro (general)
Existencias
Estado de retiro Estado de pérdida Fuente del sistema de clasificación o colocación No para préstamo Código de colección Localización permanente Fecha de adquisición Total de préstamos Signatura topográfica completa Código de barras Fecha visto por última vez Número de copia Precio válido a partir de Tipo de ítem Koha
  Disponible Sistema de Clasificación Decimal Dewey   General - Libros dominicanos Biblioteca Central UNIBE 08/04/2025   RD 355.8241 S718m 2001 250607 27/05/2025 Ej. 1 27/05/2025 Libro (general)